| 000 | 00891nam a2200253Ia 4500 | ||
|---|---|---|---|
| 003 | OSt | ||
| 005 | 20220923222250.0 | ||
| 006 | a|||||r|||| 00| 0 | ||
| 007 | ta | ||
| 008 | 220922b |||||||| |||| 00| 0 doi d | ||
| 024 | _a204,114 | ||
| 037 | _cTextual | ||
| 040 |
_aARTS _cARTS _bdoi |
||
| 041 |
_2doi _adoi |
||
| 082 | _aO1541vN, 1594M4 | ||
| 100 |
_aशिवनाथ; नेचाली, हस्त, अनु. _9166491 |
||
| 245 | 0 | _aडोगरी साहित्य का इतिहास | |
| 246 | _aḌogarī sāhitya kā itihāsa | ||
| 260 |
_aनई दिल्ली _b साहित्य अकादमी _c1984 |
||
| 300 |
_a164पृ0 _ccm. |
||
| 650 | _aडोगरी साहित्य | ||
| 942 |
_hO1541vN, 1594M4 _cTEXL _2CC |
||
| 999 |
_c354863 _d354863 |
||